01042nam a2200229 4500001000400000003000400004005001700008008004100025040000800066041000800074082001800082245004500100260003800145300001500183520048700198650002600685650001300711650002500724650001300749655001900762700003100781391OSt20250408160745.0250408b |||||||b |||| 00| 1 eng d bpor hpor aI 028.5bR871 aO Rouxinol /cIlustrações de Psonha aBelo HorizontebEducacionalc1998 a23 p.bil. aO conto fala sobre um rouxinol de canto maravilhoso que vivia livre em uma floresta na China. Um dia, o imperador ouviu falar da beleza de seu canto e mandou buscá-lo para cantar em seu palácio. Porém, o rouxinol foi preso em uma gaiola e, triste, parou de cantar. Percebendo a tristeza do pássaro, o imperador decidiu libertá-lo. Livre novamente, o rouxinol voltou a cantar alegremente, tornando-se amigo do imperador e trazendo alegria ao palácio com sua canção.  0aLiteratura Brasileira 0aInfantil 0aRespeito aos animais 0aRouxinol 0aLivro Infantil1 aPsonha,d1980-eILUSTRADOR